Online Catalogue and eLibrary

Formulating projects with people. (Record no. 165)

MARC details
000 -LEADER
fixed length control field 00484nam a22001577a 4500
005 - DATE AND TIME OF LATEST TRANSACTION
control field 20231208044047.0
008 - FIXED-LENGTH DATA ELEMENTS--GENERAL INFORMATION
fixed length control field 231208b |||||||| |||| 00| 0 eng d
082 ## - DDC Classification
DDC Edition Number 22
Class No. 305.4.
Item Number - Author Mark Kam.
100 ## - MAIN ENTRY--PERSONAL NAME
Personal name Bhasin, kamala.
245 ## - TITLE STATEMENT
Title Formulating projects with people.
Statement of responsibility, etc. Food and agriculture organization of the united nation.
250 ## - EDITION STATEMENT
Edition statement 2nd.
260 ## - PUBLICATION, DISTRIBUTION, ETC.
Place of publication, distribution, etc. India.,
Name of publisher, distributor, etc. Food and agriculture organization of the united nations,
Date of publication, distribution, etc. 1985.
300 ## - PHYSICAL DESCRIPTION
Extent (e.g. Volumes, Pages etc.) 32, p.
650 ## - SUBJECT ADDED ENTRY--TOPICAL TERM
Topical term or geographic name entry element women role.
942 ## - Koha item type (Biblio)
Koha item type Books in Stacks (Lending)
Holdings
Lost status Damaged status Collection code Home library Current library Date acquired Full call number Accession Number Item type
    Lending WERC Library WERC Library 12/08/2023 305.4. Kam. 290 Books in Stacks (Lending)

© WERC Library